000 00702nam a2200217 u 4500
005 20240418063733.0
008 160628s2010 es r 000 0 spa d
020 _a9788467545180
035 _aUPN01000211696
049 _aI
050 4 _aPZ28
_bM3.6
100 1 _aMartí, Meritxell,
_d1972-
_938921
245 1 4 _aUna noche bestial /
_cMeritxell Martí ; il. Xavier Salomó ; tr. Ferrán Gibert i Alvarez.
260 _aMadrid :
_bSM,
_c2010.
300 _a60 p. :
_bil.
440 3 _aEl barco de vapor ;
_v130
534 _pTítulo original:
_tUna nit bestial
650 0 _aCuentos infantiles franceses
_98588
650 0 _aAventuras y aventureros
_vLiteratura juvenil
_911236
905 _aInfantil
999 _c183797
_d183797